[Event "GRE-chT 49th"]
[Site "Thessaloniki"]
[Date "2022.08.16"]
[Round "6"]
[White "Tzontas, Athanasios"]
[Black "Moschopoulos, Aristeidis"]
[Result "1-0"]
[WhiteElo "1430"]
[BlackElo "1086"]
[PlyCount "85"]
[EventDate "2022.08.12"]
[EventType "team-swiss"]
[EventRounds "7"]
[EventCountry "GRE"]
[SourceTitle "EXT 2024"]
[Source "ChessBase"]
[SourceDate "2023.10.10"]
[SourceVersion "1"]
[SourceVersionDate "2023.10.10"]
[SourceQuality "1"]
[WhiteTeam "Thessaloniki Sach"]
[BlackTeam "Eso Papafe Chronikon"]
[WhiteTeamCountry "GRE"]
[BlackTeamCountry "GRE"]

1. e4 c5 2. Nf3 d6 3. d4 cxd4 4. Nxd4 Nf6 5. Nc3 a6 6. Be2 e5 7. Nb3 Be6 8. 0-0 Be7 9. Be3 Nbd7 10. a4 0-0 11. a5 Qc7 12. Nd5 Nxd5 13. exd5 Bf5 14. c4 Rfc8 15. Qd2 Bd8 16. Rfc1 Qb8 17. c5 dxc5 18. Nxc5 Nxc5 19. Bxc5 b6 20. axb6 Bxb6 21. b4 a5 22. Qe3 Bc7 23. b5 Bd6 24. Qa3 Rxc5 25. Rxc5 Qf8 26. Rac1 Rc8 27. Rxc8 Bxa3 28. Rxf8+ Kxf8 29. Rc7 Be4 30. b6 Bxd5 31. b7 Bxb7 32. Rxb7 Bb4 33. Bc4 f6 34. Rf7+ Kg8 35. Rxf6+ Kh8 36. Re6 h6 37. Rxe5 Kh7 38. Re6 Kh8 39. Kf1 Kh7 40. Ke2 h5 41. Bd3+ Kg8 42. Bg6 Kf8 43. Re8# 1-0

[Event "GRE-chT 49th"]
[Site "Thessaloniki"]
[Date "2022.08.15"]
[Round "5"]
[White "Moschopoulos, Aristeidis"]
[Black "Georgiadis, Athanasios Kat"]
[Result "0-1"]
[WhiteElo "1086"]
[BlackElo "1694"]
[PlyCount "76"]
[EventDate "2022.08.12"]
[EventType "team-swiss"]
[EventRounds "7"]
[EventCountry "GRE"]
[SourceTitle "EXT 2024"]
[Source "ChessBase"]
[SourceDate "2023.10.10"]
[SourceVersion "1"]
[SourceVersionDate "2023.10.10"]
[SourceQuality "1"]
[WhiteTeam "Eso Papafe Chronikon"]
[BlackTeam "Kalamarias"]
[WhiteTeamCountry "GRE"]
[BlackTeamCountry "GRE"]

1. d4 Nf6 2. c4 g6 3. Nf3 Bg7 4. Nc3 d6 5. Bg5 0-0 6. e3 Nbd7 7. Be2 c6 8. 0-0 e5 9. Qc2 Qc7 10. Rad1 Re8 11. h3 Nf8 12. Qb3 Ne6 13. Bh4 Nh5 14. Ng5 exd4 15. Nxe6 Bxe6 16. exd4 Nf4 17. Bf3 Qb6 18. Qxb6 axb6 19. Bg5 Nh5 20. Bxh5 gxh5 21. b3 d5 22. cxd5 Bxd5 23. Nxd5 cxd5 24. Rd2 Rac8 25. Be3 Rc3 26. Re1 f5 27. Kf1 Re4 28. Rdd1 Rc2 29. Rc1 Rxa2 30. Rc8+ Kf7 31. Rc7+ Kg6 32. Rxb7 f4 33. Rxb6+ Kf5 34. Bc1 Bxd4 35. Rxe4 Rxf2+ 36. Kg1 Kxe4 37. Rc6 Rc2+ 38. Kf1 Rxc6 0-1

[Event "Thessaloniki-Chalkidiki-ch U16"]
[Site "Thessaloniki"]
[Date "2022.04.18"]
[Round "3"]
[White "Sioulas, Stylianos"]
[Black "Moschopoulos, Aristeidis"]
[Result "1-0"]
[WhiteElo "1272"]
[BlackElo "1066"]
[PlyCount "93"]
[EventDate "2022.04.15"]
[EventType "swiss"]
[EventRounds "5"]
[EventCountry "GRE"]
[SourceTitle "EXT 2024"]
[Source "ChessBase"]
[SourceDate "2023.10.10"]
[SourceVersion "1"]
[SourceVersionDate "2023.10.10"]
[SourceQuality "1"]

1. e4 d6 2. d4 g6 3. Nc3 Bg7 4. Be3 Nf6 5. Qd2 Nbd7 6. f3 c6 7. 0-0-0 Qa5 8. Kb1 b5 9. Nce2 Qxd2 10. Rxd2 0-0 11. Ng3 Bb7 12. h3 Rac8 13. c3 Nb6 14. Bd3 Nfd7 15. f4 Bh6 16. N3e2 a6 17. Nf3 c5 18. Rc1 f6 19. g4 e5 20. g5 fxg5 21. Nxg5 exf4 22. Bxf4 Rxf4 23. Nxf4 Bxg5 24. Rf2 Rf8 25. Rcf1 Bxf4 26. Rxf4 Rxf4 27. Rxf4 Kg7 28. dxc5 Nxc5 29. Kc2 Nc4 30. Bxc4 bxc4 31. e5 dxe5 32. Rxc4 Ne6 33. a4 Bg2 34. h4 e4 35. Kd2 Nf4 36. b4 Nd5 37. b5 axb5 38. axb5 Bf1 39. Rc5 e3+ 40. Ke1 Nxc3 41. Kxf1 Nxb5 42. Rxb5 h5 43. Ke2 Kh6 44. Kxe3 Kg7 45. Kf4 Kh6 46. Ra5 Kg7 47. Kg5 1-0